Представление документа в формате MARC21

Поле Инд. ПП Название Значение
Тип записи a
Библиографический уровень m
001 Контрольный номер 3cc9e789-ea73-4546-b6da-0d45e01cb63d
005 Дата корректировки 20191111144729.7
008 Кодируемые данные 080721
020 a ISBN 5-7784-0132-9
c Цена, тираж 64.13
040 a Служба первич. каталог. НБ ТвГУ
041 0_ a Код языка текста rus
080 a Индекс УДК 821.161.1.09
a Индекс УДК 929Достоевский
084 a Индекс другой классификации/Индекс ББК Ш5(2=411.2)52-4Достоевский Ф.М.1
090 x Авторский знак Г87
a Полочн. индекс Ш5(2=411.2)
100 1_ a Автор Громова Наталья Александровна
245 10 a Заглавие Достоевский
b Продолж. заглавия документы, дневники, письма, мемуары, отзывы литературных критиков и философов
c Ответственность Н. А. Громова
260 0_ a Место издания Москва
b Издательство Аграф
c Дата издания 2000
300 a Объем 238, [1] с.
c Размеры 21см.
440 _0 a Серия Литературная мастерская
504 a Библиография Указ. имен: с. 231-237.
583 a Действие Получение впервые 172 21.07.2008
k Исполнитель действия ООО "Аграф и Ко"
650 04 a Основная рубрика Достоевский, Федор Михайлович, о нем
650 04 a Основная рубрика Русская литература
x Основная подрубрика История
y Хронологическая подрубрика 19 в.
653 0_ a Ключевые слова Достоевский Федор Михайлович
a Ключевые слова Русская литература
a Ключевые слова Писатели
a Ключевые слова Русские писатели
a Ключевые слова Дневники
a Ключевые слова Мемуары
a Ключевые слова Письма
a Ключевые слова Персоналии
a Ключевые слова 19 в.
852 41 t Порядковый номер экземпляра 1
p Инвентарный номер 914641
852 41 t Порядковый номер экземпляра 1
p Инвентарный номер 914642
863 t 00236193
863 t 00236194
888 a За счет средств университета
901 t Тип документа m
930 a Новая/Ретро персоналии
a Новая/Ретро дневники
a Новая/Ретро письма
a Новая/Ретро мемуары
952 p 172.2008 64.13 1 914641
p 172.2008 64.13 1 914642
c Вид литературы К рн
954 a Дата поступления на обработку 20080829
999 a Подразделение 2 ч.з.
a Подразделение 2 аб.